The noble scholar, jurist, historian


 His Excellency Dr. Abdul Wahhab bin Ibrahim Abu Sulaiman, may Allah have mercy on him.


 He was born in Umm Al-Qura in the year 1356 AH.

علاقة مكة المكرمة بالدولة الكجراتية الهندية فيما بين سنتيي 923-946 هـ. / 1517-1529 م. من خلال كتاب نيل المنى لجار الله بن فهد / (Record no. 9568)

MARC details
000 -LEADER
fixed length control field 02057caa a2200361 ib4500
003 - CONTROL NUMBER IDENTIFIER
control field SA-RiAUC
005 - DATE AND TIME OF LATEST TRANSACTION
control field 20250707165417.0
008 - FIXED-LENGTH DATA ELEMENTS--GENERAL INFORMATION
fixed length control field 250623s2001 ua g b f000f0 ara c
040 ## - CATALOGING SOURCE
Original cataloging agency SA-RiKSU
Language of cataloging ara
Transcribing agency SA-RiAUC
Description conventions rda
043 ## - GEOGRAPHIC AREA CODE
Geographic area code a-su---
082 04 - DEWEY DECIMAL CLASSIFICATION NUMBER
Classification number 953.121
090 ## - LOCALLY ASSIGNED LC-TYPE CALL NUMBER (OCLC); LOCAL CALL NUMBER (RLIN)
Classification number (OCLC) (R) ; Classification number, CALL (RLIN) (NR) 953.121
Local cutter number (OCLC) ; Book number/undivided call number, CALL (RLIN) ش ا ف
100 1# - MAIN ENTRY--PERSONAL NAME
Personal name شافعي، لمياء أحمد عبد الله
Relator term مؤلف.
245 10 - TITLE STATEMENT
Title علاقة مكة المكرمة بالدولة الكجراتية الهندية فيما بين سنتيي 923-946 هـ. / 1517-1529 م. من خلال كتاب نيل المنى لجار الله بن فهد /
Statement of responsibility, etc. لمياء أحمد عبد الله شافعي.
300 ## - PHYSICAL DESCRIPTION
Extent 50 صفحة ؛
Dimensions 22 سم
336 ## - CONTENT TYPE
Content type term نص
Content type code txt
Source rdacontent
Materials specified مقالة
337 ## - MEDIA TYPE
Media type term بدون وسيط
Media type code n
Source rdamedia
338 ## - CARRIER TYPE
Carrier type term مجلد
Carrier type code nc
Source rdacarrier
504 ## - BIBLIOGRAPHY, ETC. NOTE
Bibliography, etc. note ببليوجرافية : صفحة 202-203.
580 ## - LINKING ENTRY COMPLEXITY NOTE
Linking entry complexity note في : مجلة كلية الدراسات الإنسانية.
650 #7 - SUBJECT ADDED ENTRY--TOPICAL TERM
Topical term or geographic name entry element الكتب
Form subdivision مراجعات
-- مقالات ومحاضرات
Source of heading or term aucsh
651 #7 - SUBJECT ADDED ENTRY--GEOGRAPHIC NAME
Geographic name السعودية
General subdivision علاقات خارجية
Form subdivision مقالات ومحاضرات
Source of heading or term aucsh
651 #7 - SUBJECT ADDED ENTRY--GEOGRAPHIC NAME
Geographic name مكة المكرمة
General subdivision تاريخ
Form subdivision مقالات ومحاضرات
Source of heading or term aucsh
700 12 - ADDED ENTRY--PERSONAL NAME
Personal name ابن فهد، محمد بن عبد العزيز بن عمر،
Dates associated with a name 891-954 هجري
700 12 - ADDED ENTRY--PERSONAL NAME
Personal name ابن فهد، عبد العزيز بن عمر بن محمد،
Dates associated with a name 850-920 هجري
700 12 - ADDED ENTRY--PERSONAL NAME
Personal name ابن فهد، عمر بن محمد بن محمد،
Dates associated with a name 812-885 هجري
Title of a work إتحاف الورى بأخبار أم القرى.
740 02 - ADDED ENTRY--UNCONTROLLED RELATED/ANALYTICAL TITLE
Uncontrolled related/analytical title نيل المنى بذيل بلوغ القرى لتكملة إتحاف الورى.
740 02 - ADDED ENTRY--UNCONTROLLED RELATED/ANALYTICAL TITLE
Uncontrolled related/analytical title بلوغ القرى لتكملة إتحاف الورى.
740 02 - ADDED ENTRY--UNCONTROLLED RELATED/ANALYTICAL TITLE
Uncontrolled related/analytical title إتحاف الورى بأخبار أم القرى.
773 0# - HOST ITEM ENTRY
Title مجلة كلية الدراسات الإنسانية / كلية الدراسات الإنسانية، جامعة الأزهر.
Related parts عدد 19 (2001)، صفحة 155-204
942 ## - ADDED ENTRY ELEMENTS (KOHA)
Source of classification or shelving scheme Dewey Decimal Classification
Koha item type Books
Suppress in OPAC No
949 ## - LOCAL PROCESSING INFORMATION (OCLC)
a SA-JeALM
d 250623
u mohamedma123
n 1
Holdings
Withdrawn status Lost status Source of classification or shelving scheme Damaged status Not for loan Home library Current library Date acquired Total checkouts Full call number Barcode Date last seen Price effective from Koha item type
    Dewey Decimal Classification     DR AbdElwahab Library DR AbdElwahab Library 07/07/2025   953.121 ش ا ف 000015535 07/07/2025 07/07/2025 Books